Soccer players with 100m+ market value - Statistics

General Stats
  • This quiz has been taken 466 times
    337 since last reset
  • The average score is 13 of 19
Answer Stats
Market Value Club Answer % Correct
180m Real Madrid Kylian Mbappe
98%
180m Manchester City Erling Haaland
96%
180m Real Madrid Vinicius Junior
96%
180m Real Madrid Jude Bellingham
94%
140m Arsenal Bukayo Saka
89%
130m Bayer 04 Leverkusen Florian Wirtz
85%
150m Manchester City Phil Foden
83%
120m Bayern Munich Jamal Musiala
75%
120m Barcelona Lamine Yamal
74%
110m Real Madrid Rodrygo
73%
120m Arsenal Declan Rice
69%
100m Bayern Munich Harry Kane
66%
110m Inter Milan Lautaro Martinez
66%
120m Manchester City Rodri
66%
120m Real Madrid Federico Valverde
58%
100m Real Madrid Eduardo Camavinga
52%
100m Real Madrid Aurelien Tchouameni
46%
100m SSC Napoli Victor Osimhen
46%
110m Arsenal Martin Odegard
2%
No matching quizzes found
Score Distribution
Percent of People with Each Score
Percentile by Number Answered
Your Score History
You have not taken this quiz since the last reset